[Event "Kiev-ch"]
[Site "Kiev"]
[Date "2008.01.29"]
[Round "9"]
[White "Golubka, Petro"]
[Black "Baryshpolets, Andrey"]
[Result "1/2-1/2"]
[WhiteElo "2270"]
[BlackElo "2389"]
[WhiteFideId "-1"]
[BlackFideId "-1"]
[PlyCount "41"]
[GameId "1166650241331200"]
[EventDate "2008.01.19"]
[EventType "swiss"]
[EventRounds "11"]
[EventCountry "UKR"]
[SourceTitle "CBM 122 Extra"]
[Source "ChessBase"]
[SourceDate "2008.03.04"]
[SourceVersion "1"]
[SourceVersionDate "2008.03.04"]
[SourceQuality "1"]

1. e4 e5 2. Nf3 Nc6 3. Bb5 Nf6 4. O-O Nxe4 5. d4 Nd6 6. Bxc6 dxc6 7. dxe5 Nf5 8. Qxd8+ Kxd8 9. Nc3 Ne7 10. Ne4 h6 11. h3 Ng6 12. b3 Be6 13. Bb2 c5 14. c4 Kd7 15. Ng3 h5 16. Ng5 h4 17. Rad1+ Kc6 18. Nxe6 fxe6 19. Ne2 Be7 20. Kh2 Rhf8 21. f4 1/2-1/2

[Event "Kyiv-ch"]
[Site "Kyiv UKR"]
[Date "2008.01.26"]
[Round "6"]
[White "Golubka, Petro"]
[Black "Stavroyany, Sergey"]
[Result "1-0"]
[WhiteElo "2270"]
[BlackElo "2217"]
[WhiteFideId "-1"]
[BlackFideId "-1"]
[PlyCount "53"]
[GameId "2129405098688690"]
[EventDate "2008.01.19"]
[EventType "swiss"]
[EventRounds "11"]
[EventCountry "UKR"]

1. e4 c6 $11 2. d4 g6 3. Nc3 d5 4. Nf3 Bg7 5. h3 dxe4 6. Nxe4 Nf6 7. Nxf6+ exf6 8. Bc4 O-O 9. O-O Nd7 10. Re1 a5 11. a4 Nb6 12. Bb3 Nd5 13. Bd2 Bf5 14. c4 Nb4 15. Bxb4 axb4 16. c5 b6 17. Rc1 Ra7 18. d5 bxc5 19. dxc6 Qb6 20. Qd6 Ra5 21. Nd2 Rd8 22. Bxf7+ Kh8 23. Re8+ Rxe8 24. Bxe8 Rxa4 25. Nc4 Qa7 26. Bd7 Bh6 27. c7 1-0

[Event "Kyiv-ch"]
[Site "Kyiv UKR"]
[Date "2008.01.27"]
[Round "7"]
[White "Sidorchuk, Dmitry"]
[Black "Golubka, Petro"]
[Result "1-0"]
[WhiteElo "2234"]
[BlackElo "2270"]
[WhiteFideId "-1"]
[BlackFideId "-1"]
[PlyCount "83"]
[GameId "2129405098688719"]
[EventDate "2008.01.19"]
[EventType "swiss"]
[EventRounds "11"]
[EventCountry "UKR"]

1. d4 d5 2. c4 e6 3. Nc3 c5 4. e3 Nf6 5. Nf3 Nc6 6. a3 Ne4 7. Qc2 Nxc3 8. Qxc3 cxd4 9. Nxd4 Nxd4 10. Qxd4 dxc4 11. Qxd8+ Kxd8 12. Bxc4 Bd6 13. Bd2 Ke7 14. Bc3 f6 15. h4 Bd7 $11 16. h5 Rhc8 17. Bd3 h6 18. Ke2 Be8 19. g4 e5 20. Rhd1 Bc6 21. Bf5 Rd8 22. f3 Bc5 23. Rdc1 Bb6 24. Bb4+ Kf7 25. Bg6+ Kg8 26. a4 Bc7 27. b3 a5 28. Bc5 Bd5 29. Bf5 Kf7 30. Bg6+ Kg8 31. Bf5 Kf7 32. Rc3 b6 33. Bg6+ Kg8 34. Ba3 Rd7 35. Bf5 Rad8 36. Bxd7 Rxd7 37. e4 Bb7 38. Rd1 Ba6+ 39. Ke1 Rf7 40. Bd6 Bd8 41. Bxe5 Be7 42. Bd6 1-0

[Event "Kyiv-ch"]
[Site "Kyiv UKR"]
[Date "2008.01.30"]
[Round "10"]
[White "Kruglyakov, Pavlo"]
[Black "Golubka, Petro"]
[Result "1/2-1/2"]
[WhiteElo "2356"]
[BlackElo "2270"]
[WhiteFideId "-1"]
[BlackFideId "-1"]
[PlyCount "24"]
[GameId "2129405098696962"]
[EventDate "2008.01.19"]
[EventType "swiss"]
[EventRounds "11"]
[EventCountry "UKR"]

1. c4 e5 2. Nc3 Nf6 3. g3 Bb4 4. Bg2 O-O 5. Nf3 Nc6 6. O-O e4 7. Ng5 Bxc3 8. bxc3 Re8 9. d3 exd3 10. exd3 b6 11. Ne4 h6 12. Bf4 Bb7 $11 1/2-1/2

[Event "Stepichev Memorial 15th"]
[Site "Kiev"]
[Date "2007.12.22"]
[Round "2"]
[White "Petrova, Irina"]
[Black "Golubka, Petro"]
[Result "0-1"]
[WhiteElo "2059"]
[BlackElo "2270"]
[WhiteFideId "-1"]
[BlackFideId "-1"]
[PlyCount "72"]
[GameId "1166650165063680"]
[EventDate "2007.12.21"]
[EventType "swiss"]
[EventRounds "9"]
[EventCountry "UKR"]
[SourceTitle "CBM 122 Extra"]
[Source "ChessBase"]
[SourceDate "2008.03.04"]
[SourceVersion "1"]
[SourceVersionDate "2008.03.04"]
[SourceQuality "1"]

1. d4 Nf6 2. c4 c6 3. Nf3 d5 4. Qb3 g6 5. g3 Bg7 6. Bg2 O-O 7. O-O a5 8. c5 Nbd7 9. Qc2 b6 10. cxb6 Qxb6 11. Nc3 Ba6 12. Rd1 Rfc8 13. Na4 Qa7 14. Bf4 c5 15. dxc5 Nxc5 16. Be3 Nxa4 17. Qxa4 Qb7 18. Nd4 Ng4 19. Qa3 Nxe3 20. Qxe3 e6 21. Rab1 Qb6 22. Bf3 Rc4 23. Nc2 Rb8 24. Qxb6 Rxb6 25. Ne3 Ra4 26. Rd2 Rxa2 27. Nd1 a4 28. e4 d4 29. Be2 Bxe2 30. Rxe2 a3 31. f4 d3 32. Rd2 Bd4+ 33. Kg2 axb2 34. Nf2 Ra1 35. Rdd1 d2 36. Nd3 Rxb1 0-1

[Event "Stepichev Memorial 15th"]
[Site "Kiev"]
[Date "2007.12.25"]
[Round "5"]
[White "Golubka, Petro"]
[Black "Khliastikov, Georgy"]
[Result "1-0"]
[WhiteElo "2270"]
[BlackElo "2068"]
[WhiteFideId "-1"]
[BlackFideId "-1"]
[PlyCount "77"]
[GameId "1166650165313536"]
[EventDate "2007.12.21"]
[EventType "swiss"]
[EventRounds "9"]
[EventCountry "UKR"]
[SourceTitle "CBM 122 Extra"]
[Source "ChessBase"]
[SourceDate "2008.03.04"]
[SourceVersion "1"]
[SourceVersionDate "2008.03.04"]
[SourceQuality "1"]

1. e4 e5 2. Nf3 Nc6 3. Bb5 a6 4. Ba4 Nf6 5. O-O Nxe4 6. d4 b5 7. Bb3 d5 8. dxe5 Be6 9. Nbd2 Nc5 10. c3 Nxb3 11. Nxb3 Bg4 12. Qd3 Qd7 13. Bf4 Be7 14. Nfd4 Nd8 15. Qg3 c5 16. e6 Bxe6 17. Qxg7 Rf8 18. Nf3 Nc6 19. Be3 Qa7 20. Qxh7 O-O-O 21. Qc2 Rg8 22. g3 Bg4 23. Nbd2 Qd7 24. a4 b4 25. Rfe1 Bf5 26. Qd1 Kb7 27. Rc1 c4 28. cxb4 Bxb4 29. Nd4 Ne5 30. Qh5 Ng4 31. Nxf5 Nxe3 32. Rxe3 Bxd2 33. Re7 Bxc1 34. Qxf7 Qxe7 35. Qxe7+ Kb6 36. Nd4 Rge8 37. a5+ Kxa5 38. Qc5+ Ka4 39. Qa3# 1-0

[Event "Stepichev Memorial 15th"]
[Site "Kiev"]
[Date "2007.12.26"]
[Round "6"]
[White "Melnichuk, Mikhail"]
[Black "Golubka, Petro"]
[Result "0-1"]
[WhiteElo "2216"]
[BlackElo "2270"]
[WhiteFideId "-1"]
[BlackFideId "-1"]
[PlyCount "88"]
[GameId "1166650165460992"]
[EventDate "2007.12.21"]
[EventType "swiss"]
[EventRounds "9"]
[EventCountry "UKR"]
[SourceTitle "CBM 122 Extra"]
[Source "ChessBase"]
[SourceDate "2008.03.04"]
[SourceVersion "1"]
[SourceVersionDate "2008.03.04"]
[SourceQuality "1"]

1. d4 Nf6 2. c4 e6 3. Nf3 d5 4. Nc3 Be7 5. Bg5 h6 6. Bh4 O-O 7. e3 b6 8. cxd5 exd5 9. Bd3 c5 10. O-O Bb7 11. Rc1 Nbd7 12. Bb1 Re8 13. dxc5 bxc5 14. Qd3 Qb6 15. Rfd1 Qxb2 16. Bc2 Qb6 17. Rb1 Qc7 18. Ba4 Red8 19. Bc2 a6 20. Rb2 Bc6 21. Bg3 Bd6 22. Bxd6 Qxd6 23. Ba4 Bxa4 24. Nxa4 Rab8 25. Rxb8 Rxb8 26. Nc3 Ne5 27. Nxe5 Qxe5 28. h3 Rd8 29. Na4 Qd6 30. Rb1 d4 31. Rb6 Qc7 32. exd4 Rxd4 33. Qb1 Ne4 34. Rb8+ Kh7 35. Nc3 f5 36. Nxe4 fxe4 37. g3 Qf7 38. Rb3 Qd5 39. Qc2 Rd1+ 40. Kg2 Rd3 41. Kg1 c4 42. Rb1 Qd4 43. Re1 Rxg3+ 44. Kh2 Rd3 0-1

[Event "Stepichev Memorial 15th"]
[Site "Kiev"]
[Date "2007.12.27"]
[Round "7"]
[White "Moiseev, Igor"]
[Black "Golubka, Petro"]
[Result "1-0"]
[WhiteElo "2217"]
[BlackElo "2270"]
[WhiteFideId "-1"]
[BlackFideId "-1"]
[PlyCount "61"]
[GameId "1166650165547008"]
[EventDate "2007.12.21"]
[EventType "swiss"]
[EventRounds "9"]
[EventCountry "UKR"]
[SourceTitle "CBM 122 Extra"]
[Source "ChessBase"]
[SourceDate "2008.03.04"]
[SourceVersion "1"]
[SourceVersionDate "2008.03.04"]
[SourceQuality "1"]

1. e4 c5 2. Nf3 d6 3. d4 cxd4 4. Nxd4 Nf6 5. Nc3 a6 6. Be2 e6 7. Be3 Qc7 8. a4 b6 9. f4 Bb7 10. Bf3 Nbd7 11. O-O Be7 12. Qe2 Rc8 13. g4 h6 14. g5 hxg5 15. fxg5 Nh7 16. g6 Nhf6 17. gxf7+ Kxf7 18. Bh5+ g6 19. Bg4 e5 20. Be6+ Kg7 21. Nf5+ gxf5 22. Qg2+ Ng4 23. Rxf5 Ndf6 24. h3 d5 25. Raf1 Bc5 26. Rxf6 Bxe3+ 27. Kh1 Bf4 28. R6xf4 exf4 29. Qxg4+ Kf6 30. Bxd5 Rcf8 31. Qe6+ 1-0

[Event "Stepichev Memorial 15th"]
[Site "Kiev"]
[Date "2007.12.29"]
[Round "9"]
[White "Karnaukh, Anatolij"]
[Black "Golubka, Petro"]
[Result "0-1"]
[WhiteElo "2246"]
[BlackElo "2270"]
[WhiteFideId "-1"]
[BlackFideId "-1"]
[PlyCount "108"]
[GameId "1166650165698560"]
[EventDate "2007.12.21"]
[EventType "swiss"]
[EventRounds "9"]
[EventCountry "UKR"]
[SourceTitle "CBM 122 Extra"]
[Source "ChessBase"]
[SourceDate "2008.03.04"]
[SourceVersion "1"]
[SourceVersionDate "2008.03.04"]
[SourceQuality "1"]

1. d4 d5 2. c4 c6 3. Nc3 Nf6 4. Nf3 e6 5. cxd5 exd5 6. Bg5 Be7 7. e3 Bf5 8. Bd3 Bxd3 9. Qxd3 Nbd7 10. O-O O-O 11. a3 a5 12. Rae1 Re8 13. Nd2 Qb6 14. Na4 Qc7 15. Bf4 Qd8 16. h3 b5 17. Nc3 Nb6 18. f3 Nc4 19. Nxc4 dxc4 20. Qc2 Nd5 21. Nxd5 cxd5 22. Rd1 Bf8 23. Rfe1 Qb6 24. Kh1 Rad8 25. b3 Rc8 26. b4 Red8 27. Qc3 Ra8 28. Ra1 Be7 29. Reb1 Bf8 30. Bg3 axb4 31. axb4 Qb7 32. Be1 Bd6 33. Qb2 Qe7 34. Bd2 Bc7 35. Rxa8 Rxa8 36. Ra1 Qe8 37. Ra3 Bd6 38. Qa1 Ra4 39. Rxa4 bxa4 40. Qa3 f5 41. Kg1 f4 42. Kf2 fxe3+ 43. Bxe3 Kf7 44. Bd2 h6 45. Qc3 Ke7 46. Qe3+ Kd7 47. Qxe8+ Kxe8 48. Ke2 Kd7 49. Kd1 Kc6 50. f4 Kb5 51. f5 Bxb4 52. f6 gxf6 53. Bxh6 c3 54. Bg7 a3 0-1

[Event "UKR-ch U20 1/2 final"]
[Site "Lvov UKR"]
[Date "2007.12.03"]
[Round "2"]
[White "Golubka, Petro"]
[Black "Pulyaev, Valentin"]
[Result "1-0"]
[WhiteElo "2270"]
[BlackElo "2131"]
[WhiteFideId "-1"]
[BlackFideId "-1"]
[PlyCount "67"]
[GameId "2129405099659105"]
[EventDate "2007.12.02"]
[EventType "swiss"]
[EventRounds "9"]
[EventCountry "UKR"]
[SourceTitle "CBM 121 Extra"]
[Source "ChessBase"]
[SourceDate "2008.01.10"]
[SourceVersion "1"]
[SourceVersionDate "2008.01.10"]
[SourceQuality "1"]

1. e4 e5 2. Nf3 Nf6 3. Nxe5 d6 4. Nf3 Nxe4 5. d4 d5 6. Bd3 Nc6 7. O-O Bg4 8. Re1 Be7 9. c3 f5 10. Nbd2 O-O 11. Qb3 Kh8 12. Qxb7 Rf6 13. Qb3 Bd6 14. h3 Bh5 15. Bb5 Ne7 16. Ne5 Bxe5 17. dxe5 Rb6 18. Qa4 Ng6 19. Nxe4 fxe4 20. Bc6 Rab8 21. c4 Nxe5 22. cxd5 Nd3 23. Rf1 Be2 24. Be3 Rxb2 25. Qxe4 Bxf1 26. Rxf1 Nb4 27. Bd4 Rxa2 28. Qe5 Qf8 29. Qxc7 Nxc6 30. dxc6 Re8 31. Qd7 Rae2 32. c7 R2e7 33. Qd6 Rc8 34. Bc5 1-0

[Event "UKR-ch U20 1/2 final"]
[Site "Lvov UKR"]
[Date "2007.12.04"]
[Round "3"]
[White "Kovalenko, Igor"]
[Black "Golubka, Petro"]
[Result "1-0"]
[WhiteElo "2413"]
[BlackElo "2270"]
[WhiteFideId "-1"]
[BlackFideId "-1"]
[PlyCount "51"]
[GameId "2129405099659137"]
[EventDate "2007.12.02"]
[EventType "swiss"]
[EventRounds "9"]
[EventCountry "UKR"]
[SourceTitle "CBM 121 Extra"]
[Source "ChessBase"]
[SourceDate "2008.01.10"]
[SourceVersion "1"]
[SourceVersionDate "2008.01.10"]
[SourceQuality "1"]

1. e4 c5 2. Nf3 d6 3. d4 cxd4 4. Nxd4 Nf6 5. Nc3 a6 6. Bc4 e6 7. Bb3 b5 8. O-O Bb7 9. Re1 Nbd7 10. f4 b4 11. Nd5 Be7 12. Nxf6+ Nxf6 13. e5 dxe5 14. fxe5 Ne4 15. Ba4+ Kf8 16. Rf1 Nc5 17. Qg4 h5 18. Qf4 f6 19. Bc6 Rb8 20. Bxb7 Rxb7 21. Be3 Kf7 22. exf6 gxf6 23. Nf3 Qb8 24. Ne5+ Ke8 25. Ng6 Qxf4 26. Rxf4 1-0

[Event "UKR-ch U20 1/2 final"]
[Site "Lvov UKR"]
[Date "2007.12.05"]
[Round "4"]
[White "Golubka, Petro"]
[Black "Knyazev, Alexey"]
[Result "1-0"]
[WhiteElo "2270"]
[BlackElo "2193"]
[WhiteFideId "-1"]
[BlackFideId "-1"]
[PlyCount "97"]
[GameId "2129405099659158"]
[EventDate "2007.12.02"]
[EventType "swiss"]
[EventRounds "9"]
[EventCountry "UKR"]
[SourceTitle "CBM 121 Extra"]
[Source "ChessBase"]
[SourceDate "2008.01.10"]
[SourceVersion "1"]
[SourceVersionDate "2008.01.10"]
[SourceQuality "1"]

1. d4 Nf6 2. c4 e6 3. Nf3 b6 4. g3 Bb7 5. Bg2 Be7 6. Nc3 Ne4 7. Bd2 f5 8. O-O O-O 9. d5 Nxd2 10. Qxd2 Bf6 11. Rad1 Na6 12. Nd4 Qc8 13. a3 g6 14. e4 e5 15. Nf3 fxe4 16. Nxe4 d6 17. b4 Qg4 18. Rfe1 Rae8 19. Rb1 Bc8 20. h3 Qd7 21. Qe2 Qe7 22. Kh2 Kh8 23. Rb3 Bg7 24. h4 Nb8 25. Bh3 Bxh3 26. Kxh3 h6 27. Kg2 Nd7 28. Rh1 Nf6 29. Nfd2 Qd7 30. Nxf6 Rxf6 31. Ne4 Rf7 32. Rc1 Ref8 33. Rd3 Rb8 34. Rcc3 Kh7 35. h5 gxh5 36. Qxh5 Kg8 37. c5 bxc5 38. bxc5 dxc5 39. Rxc5 Rb5 40. Rxb5 Qxb5 41. Qg6 Kf8 42. Rd2 Qb6 43. Qg4 Kg8 44. d6 cxd6 45. Rxd6 Qb7 46. Rxh6 Rf4 47. gxf4 Qxe4+ 48. Kh2 Qd4 49. Qe6+ 1-0

[Event "UKR-ch U20 1/2 final"]
[Site "Lvov UKR"]
[Date "2007.12.06"]
[Round "5"]
[White "Ipatov, Alexander"]
[Black "Golubka, Petro"]
[Result "1-0"]
[WhiteElo "2298"]
[BlackElo "2270"]
[WhiteFideId "-1"]
[BlackFideId "-1"]
[PlyCount "85"]
[GameId "2129405099659186"]
[EventDate "2007.12.02"]
[EventType "swiss"]
[EventRounds "9"]
[EventCountry "UKR"]
[SourceTitle "CBM 121 Extra"]
[Source "ChessBase"]
[SourceDate "2008.01.10"]
[SourceVersion "1"]
[SourceVersionDate "2008.01.10"]
[SourceQuality "1"]

1. d4 Nf6 2. c4 e6 3. Nc3 Bb4 4. e3 c5 5. a3 Bxc3+ 6. bxc3 d6 7. Bd3 Nc6 8. Ne2 b6 9. e4 e5 10. d5 Ne7 11. f3 h5 12. h4 Ng6 13. Bg5 Qc7 14. Qd2 Nh7 15. Ng3 Nhf8 16. Nf5 f6 17. Be3 Kf7 18. g4 hxg4 19. fxg4 Bxf5 20. exf5 Nf4 21. Bxf4 exf4 22. Qxf4 Nd7 23. Kd2 Ne5 24. g5 Rab8 25. a4 a6 26. Be2 Qe7 27. g6+ Ke8 28. h5 Rh6 29. a5 bxa5 30. Rhb1 Qc7 31. Qe4 Ke7 32. Rxb8 Qxb8 33. Rb1 Qc7 34. Rb2 Kd7 35. Qb1 Kc8 36. Rb6 Rxh5 37. Rxa6 Qb7 38. Rb6 Qa7 39. Qb5 Rh8 40. Rxd6 Nd7 41. Ra6 Qb7 42. Rxa5 Qxb5 43. cxb5 1-0

[Event "UKR-ch U20 1/2 final"]
[Site "Lvov UKR"]
[Date "2007.12.07"]
[Round "6"]
[White "Golubka, Petro"]
[Black "Vdovichenko, Vladislav"]
[Result "1/2-1/2"]
[WhiteElo "2270"]
[BlackElo "2198"]
[WhiteFideId "-1"]
[BlackFideId "-1"]
[PlyCount "61"]
[GameId "2129405099659208"]
[EventDate "2007.12.02"]
[EventType "swiss"]
[EventRounds "9"]
[EventCountry "UKR"]
[SourceTitle "CBM 121 Extra"]
[Source "ChessBase"]
[SourceDate "2008.01.10"]
[SourceVersion "1"]
[SourceVersionDate "2008.01.10"]
[SourceQuality "1"]

1. e4 e6 2. d4 d5 3. Nd2 c5 4. exd5 exd5 5. Ngf3 Nc6 6. Bb5 Bd6 7. O-O Nge7 8. dxc5 Bxc5 9. Nb3 Bd6 10. Bg5 O-O 11. Re1 Qc7 12. Bh4 Bg4 13. Bg3 Bxg3 14. hxg3 Rfe8 15. c3 a6 16. Bd3 h6 17. Bc2 Rad8 18. Qd2 Bh5 19. Nh4 Ne5 20. Nd4 Nc4 21. Qd3 Bg6 22. Nxg6 Nxg6 23. b3 Na3 24. Qd2 Nxc2 25. Qxc2 Rc8 26. Rxe8+ Rxe8 27. Qd2 Qe5 28. Nf3 Qf6 29. Rc1 Rc8 30. Kh2 Ne5 31. Nxe5 1/2-1/2

[Event "UKR-ch U20 1/2 final"]
[Site "Lvov UKR"]
[Date "2007.12.09"]
[Round "8"]
[White "Golubka, Petro"]
[Black "Shevtsov, Nikolay"]
[Result "1-0"]
[WhiteElo "2270"]
[BlackElo "2400"]
[WhiteFideId "-1"]
[BlackFideId "-1"]
[PlyCount "83"]
[GameId "2129405099659260"]
[EventDate "2007.12.02"]
[EventType "swiss"]
[EventRounds "9"]
[EventCountry "UKR"]
[SourceTitle "CBM 121 Extra"]
[Source "ChessBase"]
[SourceDate "2008.01.10"]
[SourceVersion "1"]
[SourceVersionDate "2008.01.10"]
[SourceQuality "1"]

1. e4 c5 2. Nf3 d6 3. d4 cxd4 4. Nxd4 Nf6 5. Nc3 a6 6. Be2 e5 7. Nb3 Be7 8. Bg5 Be6 9. Bxf6 Bxf6 10. Qd3 Nc6 11. O-O-O Nd4 12. Kb1 O-O 13. g3 Rc8 14. Nxd4 exd4 15. Nd5 Bxd5 16. exd5 Re8 17. Qf3 Qa5 18. Bd3 Re5 19. Qg4 Rce8 20. f4 h5 21. Qd7 Re1 22. a3 Rxd1+ 23. Rxd1 Qd8 24. Qxb7 a5 25. Ka2 Re7 26. Qb5 g6 27. Rb1 Kg7 28. Rf1 Qa8 29. Qc6 Qb8 30. h3 Rb7 31. Rb1 Rb6 32. Qa4 Qa8 33. Qc4 Qb7 34. g4 hxg4 35. hxg4 Kh8 36. g5 Bg7 37. Ka1 a4 38. Qxa4 Qxd5 39. Re1 Rb8 40. Re7 Ra8 41. Qd7 Kg8 42. Qg4 1-0

[Event "UKR-ch U20 1/2 final"]
[Site "Lvov UKR"]
[Date "2007.12.10"]
[Round "9"]
[White "Tishin, Dmitry"]
[Black "Golubka, Petro"]
[Result "1-0"]
[WhiteElo "2296"]
[BlackElo "2270"]
[WhiteFideId "-1"]
[BlackFideId "-1"]
[PlyCount "39"]
[GameId "2129405099663402"]
[EventDate "2007.12.02"]
[EventType "swiss"]
[EventRounds "9"]
[EventCountry "UKR"]
[SourceTitle "CBM 121 Extra"]
[Source "ChessBase"]
[SourceDate "2008.01.10"]
[SourceVersion "1"]
[SourceVersionDate "2008.01.10"]
[SourceQuality "1"]

1. d4 Nf6 2. c4 e6 3. Nf3 b6 4. g3 Bb7 5. Bg2 Be7 6. Nc3 Ne4 7. Qc2 Nxc3 8. Qxc3 Be4 9. O-O O-O 10. Ne1 Bxg2 11. Nxg2 d6 12. e4 Nd7 13. Rd1 c5 14. Be3 Rc8 15. Rac1 a6 16. Qd3 e5 17. dxe5 Nxe5 18. Qe2 Nc6 19. Nf4 Re8 20. Nd5 1-0

[Event "UKR Games"]
[Site "Evpatoria UKR"]
[Date "2007.05.21"]
[Round "1"]
[White "Koziak, Vitali"]
[Black "Golubka, Petro"]
[Result "1-0"]
[WhiteElo "2461"]
[BlackElo "2270"]
[WhiteFideId "-1"]
[BlackFideId "-1"]
[PlyCount "135"]
[GameId "2129405104819499"]
[EventDate "2007.05.21"]
[EventType "team"]
[EventRounds "7"]
[EventCountry "UKR"]
[SourceTitle "The Week in Chess 656"]
[Source "Mark Crowther"]
[SourceDate "2007.06.04"]
[SourceVersion "1"]
[SourceVersionDate "2007.06.04"]
[SourceQuality "2"]

1. Nf3 Nf6 2. c4 e6 3. Nc3 Bb4 4. g4 h6 5. Rg1 Nc6 6. h4 d5 7. g5 hxg5 8. hxg5 Ne4 9. Qc2 Bxc3 10. dxc3 Qe7 11. Bf4 Nd6 12. O-O-O dxc4 13. Ne5 Bd7 14. Bg2 Nxe5 15. Bxe5 O-O-O 16. Bxg7 Qxg5+ 17. Kb1 Qa5 18. Bxh8 Rxh8 19. Rh1 Re8 20. Qh7 Qc5 21. e3 Qg5 22. Rdg1 Qf6 23. Qh4 Qf5+ 24. e4 Qc5 25. Qf6 e5 26. Rd1 Be6 27. f4 Bg4 28. Rde1 Bd7 29. fxe5 Qxe5 30. Qxe5 Rxe5 31. Rh8+ Be8 32. Rd1 Kd8 33. Rd5 f6 34. Rxe5 fxe5 35. Kc1 Ke7 36. Rh7+ Bf7 37. Kd2 Kf6 38. Ke3 Kg6 39. Rh8 Kg7 40. Ra8 a6 41. Bh3 Bg6 42. Rd8 Be8 43. Bd7 Bh5 44. Be6 Kf6 45. Bd5 Ke7 46. Rg8 Bf7 47. Bxf7 Nxf7 48. Rg6 a5 49. Kf3 b6 50. Kg4 Nd6 51. Rg7+ Kd8 52. Kg5 a4 53. Kf6 Nxe4+ 54. Kxe5 Nc5 55. Kd5 Nd3 56. Kc6 Ne5+ 57. Kb7 b5 58. Rg5 Nd3 59. Rxb5 Kd7 60. Rd5+ Ke6 61. Rd4 c5 62. Rxc4 Kd5 63. Rxa4 Nxb2 64. Rh4 c4 65. Ka6 Na4 66. Rh3 Kc5 67. Ka5 Nb2 68. Rh5+ 1-0

[Event "UKR Games"]
[Site "Evpatoria UKR"]
[Date "2007.05.22"]
[Round "2"]
[White "Golubka, Petro"]
[Black "Shalimov, Valery"]
[Result "0-1"]
[WhiteElo "2270"]
[BlackElo "2381"]
[WhiteFideId "-1"]
[BlackFideId "-1"]
[PlyCount "122"]
[GameId "2129405104819532"]
[EventDate "2007.05.21"]
[EventType "team"]
[EventRounds "7"]
[EventCountry "UKR"]
[SourceTitle "The Week in Chess 656"]
[Source "Mark Crowther"]
[SourceDate "2007.06.04"]
[SourceVersion "1"]
[SourceVersionDate "2007.06.04"]
[SourceQuality "2"]

1. e4 c5 2. Nf3 Nc6 3. Bb5 g6 4. O-O Bg7 5. Nc3 e5 6. d3 Nge7 7. Bg5 h6 8. Be3 Nd4 9. Bc4 O-O 10. Nd5 d6 11. c3 Nxf3+ 12. Qxf3 Be6 13. Nxe7+ Qxe7 14. Bxe6 Qxe6 15. Qh3 Qxh3 16. gxh3 Rfc8 17. c4 Kh7 18. Rab1 a5 19. f4 exf4 20. Rxf4 Rc7 21. b3 Re7 22. Rbf1 Kg8 23. a4 f5 24. Bd2 fxe4 25. Rxe4 Rxe4 26. dxe4 b6 27. Bf4 Re8 28. Bxd6 Rxe4 29. Rf3 Bd4+ 30. Kf1 Be5 31. Bxe5 Rxe5 32. Rd3 Kf7 33. Kf2 Ke6 34. Rd8 Rf5+ 35. Ke2 Ke5 36. Rb8 Rf6 37. Ke3 Kf5 38. Kf3 Kg5+ 39. Ke4 h5 40. Ke5 h4 41. Rb7 Rf2 42. Rxb6 Rxh2 43. Rb5 Rxh3 44. Rxa5 Rxb3 45. Ra8 h3 46. a5 Kg4 47. Rh8 Ra3 48. Rh6 g5 49. a6 Kg3 50. Rg6 g4 51. Kf5 Rf3+ 52. Kg5 h2 53. Rh6 Rf7 54. Rxh2 Kxh2 55. Kxg4 Kg2 56. Kg5 Kf3 57. Kg6 Ra7 58. Kf6 Rxa6+ 59. Ke5 Ke3 60. Kd5 Kd3 61. Kxc5 Ra4 0-1

[Event "UKR Games"]
[Site "Evpatoria UKR"]
[Date "2007.05.22"]
[Round "3"]
[White "Bodnar, Nikolay"]
[Black "Golubka, Petro"]
[Result "1/2-1/2"]
[WhiteElo "2370"]
[BlackElo "2270"]
[WhiteFideId "-1"]
[BlackFideId "-1"]
[PlyCount "35"]
[GameId "2129405104819560"]
[EventDate "2007.05.21"]
[EventType "team"]
[EventRounds "7"]
[EventCountry "UKR"]
[SourceTitle "The Week in Chess 656"]
[Source "Mark Crowther"]
[SourceDate "2007.06.04"]
[SourceVersion "1"]
[SourceVersionDate "2007.06.04"]
[SourceQuality "2"]

1. d4 Nf6 2. c4 e6 3. a3 b6 4. Nc3 Bb7 5. d5 d6 6. e4 e5 7. Bd3 Nbd7 8. b4 g6 9. Be3 Bg7 10. f3 Nh5 11. g3 O-O 12. Qd2 a5 13. Rb1 Bc8 14. Nge2 f5 15. Bg5 Bf6 16. Bh6 Bg7 17. Bg5 Bf6 18. Bh6 1/2-1/2

[Event "UKR Games"]
[Site "Evpatoria UKR"]
[Date "2007.05.23"]
[Round "5"]
[White "Sushchikh, Alina"]
[Black "Golubka, Petro"]
[Result "1/2-1/2"]
[WhiteElo "2300"]
[BlackElo "2270"]
[WhiteFideId "-1"]
[BlackFideId "-1"]
[PlyCount "27"]
[GameId "2129405104819657"]
[EventDate "2007.05.21"]
[EventType "team"]
[EventRounds "7"]
[EventCountry "UKR"]
[SourceTitle "The Week in Chess 656"]
[Source "Mark Crowther"]
[SourceDate "2007.06.04"]
[SourceVersion "1"]
[SourceVersionDate "2007.06.04"]
[SourceQuality "2"]

1. c4 e5 2. Nc3 Nf6 3. Nf3 Nc6 4. d3 Bb4 5. Bd2 O-O 6. g3 Re8 7. Bg2 Bxc3 8. Bxc3 e4 9. dxe4 Nxe4 10. Rc1 d6 11. O-O Bg4 12. h3 Nxc3 13. Rxc3 Bd7 14. e3 1/2-1/2

[Event "UKR Games"]
[Site "Evpatoria UKR"]
[Date "2007.05.25"]
[Round "7"]
[White "Kharchenko, Boris"]
[Black "Golubka, Petro"]
[Result "1/2-1/2"]
[WhiteElo "2436"]
[BlackElo "2270"]
[WhiteFideId "-1"]
[BlackFideId "-1"]
[PlyCount "48"]
[GameId "2129405104827902"]
[EventDate "2007.05.21"]
[EventType "team"]
[EventRounds "7"]
[EventCountry "UKR"]
[SourceTitle "The Week in Chess 656"]
[Source "Mark Crowther"]
[SourceDate "2007.06.04"]
[SourceVersion "1"]
[SourceVersionDate "2007.06.04"]
[SourceQuality "2"]

1. e4 c5 2. c3 Nf6 3. e5 Nd5 4. d4 cxd4 5. Nf3 Nc6 6. Bc4 Nb6 7. Bb3 d5 8. exd6 Qxd6 9. O-O Be6 10. Bxe6 Qxe6 11. Nxd4 Nxd4 12. Qxd4 Rd8 13. Qh4 Qe2 14. Bd2 f6 15. Re1 Rxd2 16. Nxd2 Qxd2 17. Qh5+ g6 18. Qf3 Qxb2 19. a4 Bg7 20. Qxb7 O-O 21. Qxa7 Nd5 22. Qc5 Nxc3 23. a5 f5 24. a6 Bd4 1/2-1/2